00981nam a2200289 a 450000100060000000300080000600500170001400800410003103500190007204000320009104100080012308200220013111000460015324501340019926000450033330000320037850000800041050000190049065000190050965000200052865000290054865000260057765000110060365000230061470000240063770000300066162108BD-RjUL20211209081038.0880808s1929 enk 000 0 eng  a(BD-RjUL)62233 aIFAcIFAdEUXdBD-RjULbeng aeng 223a327bROS 19291 aRoyal Institute of International Affairs.10aSurvey of International Affairs, 1928 /cRoyal Institute of International Affairs ; by Arnold J. Toynbee ; Assisted V. M. Boulter aLondon :bOxford University Press,c1929 axi, 506 p. :bIll. ;c24 cm a"Issued under the auspices of the Royal Institute of International Affairs" aIncludes index 0aWorld politics 0aHistory, Modern 0anternational relations  0aWorld War (1914-1918) 0aEurope 0a League of Nations aToynbee, Arnold J.  aBoulter, V. M., jt. auth.